AFL premierships - Statistics

General Stats
  • This quiz has been taken 652 times
    640 since last reset
  • The average score is 16 of 18
Answer Stats
Hint Answer % Correct
Crows 2
98%
Blues 16
93%
Bombers too many
93%
Dockers 0
92%
Suns 0
92%
Giants 0
92%
Magpies 15
91%
Cats 9
89%
power 1
88%
saints 1
87%
hawks they've won that many (cheats)
87%
roos 4
86%
tigers 10
85%
Lions 11
85%
demons 12
85%
eagles 3
85%
dogs not enough
85%
swans 5
84%
No matching quizzes found
Score Distribution
Percent of People with Each Score
Percentile by Number Answered
Your Score History
You have not taken this quiz since the last reset